000 00319nam a22001457a 4500
008 221205b ||||| |||| 00| 0 eng d
020 _a9780134654409
041 _aeng
080 _a51
082 _a51GAY
100 _a20.1
101 _aMATHE
245 _aPATH TO COLLEGE MATHEMATICS
_cGAY M E
942 _2udc
_cBK
999 _c59093
_d59093